UBT Library

Identity and inner-city youth : (Record no. 42246)

000 -LEADER
fixed length control field 00945cam a2200265 a 4500
001 - CONTROL NUMBER
control field 3452075
005 - DATE AND TIME OF LATEST TRANSACTION
control field 20180209070705.0
008 - FIXED-LENGTH DATA ELEMENTS--GENERAL INFORMATION
fixed length control field 921216s1993 nyua b 001 0 eng
010 ## - LIBRARY OF CONGRESS CONTROL NUMBER
LC control number 92045696
020 ## - INTERNATIONAL STANDARD BOOK NUMBER
International Standard Book Number 0807732532 (alk. paper)
020 ## - INTERNATIONAL STANDARD BOOK NUMBER
International Standard Book Number 0807732524 (pbk. : alk. paper)
040 ## - CATALOGING SOURCE
Original cataloging agency DLC
Transcribing agency DLC
Modifying agency DLC
041 ## - LANGUAGE CODE
Language code of text/sound track or separate title eng
043 ## - GEOGRAPHIC AREA CODE
Geographic area code n-us---
080 ## - UNIVERSAL DECIMAL CLASSIFICATION NUMBER
Universal Decimal Classification number 305.235.0973 BRI
082 00 - DEWEY DECIMAL CLASSIFICATION NUMBER
Classification number 305.235.0973 BRI
Edition number 20
100 ## - Rafti
Rafti 49
101 ## - Shkurtesa
Shkurtesa PSI
245 00 - TITLE STATEMENT
Title Identity and inner-city youth :
Statement of responsibility, etc edited by Shirley Brice Heath and Milbrey W. McLaughlin.
504 ## - BIBLIOGRAPHY, ETC. NOTE
Bibliography, etc Includes bibliographical references and index.
740 0# - ADDED ENTRY--UNCONTROLLED RELATED/ANALYTICAL TITLE
Uncontrolled related/analytical title Identity & inner-city youth.
906 ## - LOCAL DATA ELEMENT F, LDF (RLIN)
a 7
b cbc
c orignew
d 1
e ocip
f 19
g y-gencatlg
942 ## - ADDED ENTRY ELEMENTS (KOHA)
Source of classification or shelving scheme
Item type Books
Holdings
Withdrawn status Lost status Source of classification or shelving scheme Damaged status Not for loan Collection code Permanent location Current location Shelving location Date acquired Total Checkouts Full call number Barcode Date last seen Price effective from Koha item type
          Koleksioni i përgjithshem UBT - Lipjan UBT - Lipjan Koleksioni i përgjithshem 02/09/2018   305.235.0973 BRI 002-2999132 02/09/2018 02/09/2018 Books
UBT Library © 2015-2024. All rights reserved University Education for Business and Technology